Statystyki dla 4 Pory roku - 4 różne języki

Kliknij tutaj aby rozwiązać quiz!

Ogólne statystyki

  • Ten quiz został rozwiązany 105 razy
  • Średni wynik to 5 z 16

Statystyki odpowiedzi

HintOdpowiedź% Poprawnych
Lato po ANGIELSKUSummer
92%
Zima po ANGIELSKUWinter
87%
Wiosna po ANGIELSKUSpring
81%
Jesień po ANGIELSKUAutumn
74%
ZIma po CZESKUZima
33%
Wiosna po HISZPAŃSKUPrimavera
19%
Lato po CZESKULéto
17%
Lato po HISZPAŃSKUVerano
13%
Zima po HISZPAŃSKUInvierno
12%
Jesień po HISZPAŃSKUOtoño
12%
Wiosna po FRANCUSKUPrintemps
9%
Zima po FRANCUSKUL'hiver
8%
Jesień po FRANCUSKUAutomne
6%
Jesień po CZESKUPodzim
6%
Wiosna po CZESKUJaro
5%
Lato po FRANCUSKUL'été
5%

Rozkład punktacji

Percentyl według liczby udzielonych odpowiedzi

Procent ludzi z każdym wynikiem

Twoja historia wyników

Nie rozwiązałeś tego quizu